| 000 | 00855nam a2200241 i 4500 | ||
|---|---|---|---|
| 001 | 37043 | ||
| 003 | ES-MaACL | ||
| 005 | 20260303170718.0 | ||
| 007 | t| | ||
| 008 | 030220s1905 fr ||||1| fre d | ||
| 100 | 1 |
_aBrugmann, Karl. _9181680 |
|
| 245 | 1 | 0 |
_aAbrégé de grammaire comparée des langues indo-européennes / _cKarl Brugmann ; traduit par J. Bloch, A. Cuny et A. Ernout ; sous la direction de A. Meillet et R. Gauthiot. |
| 260 |
_aParís : _bC. Klincksieck, _c1905. |
||
| 300 |
_aXXI, 859 p. ; _c25 cm. |
||
| 650 | 4 |
_aLenguas indoeuropeas- _xGramática comparada. _9141719 |
|
| 700 | 0 |
_aBloch, Jules. _929510 |
|
| 700 | 1 |
_aCuny, A. _942192 |
|
| 700 | 1 |
_aErnout, Alfred, _d1879-1973 _947416 |
|
| 700 | 1 |
_aMeillet, Antoine ( _d1866-1936) _979843 |
|
| 700 | 1 |
_aGauthiot, R. _956045 |
|
| 852 |
_aES-MaACL _jD-1093 |
||
| 999 |
_c37043 _d37043 |
||